Wireless communications and networking (EBOOK) (Record no. 215692)

000 -LEADER
fixed length control field 00914 a2200253 4500
003 - CONTROL NUMBER IDENTIFIER
control field Nust
005 - DATE AND TIME OF LATEST TRANSACTION
control field 20170207170817.0
010 ## - LIBRARY OF CONGRESS CONTROL NUMBER
LC control number 2006100601
020 ## - INTERNATIONAL STANDARD BOOK NUMBER
International Standard Book Number 0123735807 (casebound : alk. paper)
020 ## - INTERNATIONAL STANDARD BOOK NUMBER
International Standard Book Number 9780123735805 (casebound : alk. paper)
035 ## - SYSTEM CONTROL NUMBER
System control number (OCoLC)76902044
035 ## - SYSTEM CONTROL NUMBER
System control number (OCoLC)ocm76902044
040 ## - CATALOGING SOURCE
Transcribing agency Nust
082 00 - DEWEY DECIMAL CLASSIFICATION NUMBER
Classification number 621.3821
100 1# - MAIN ENTRY--PERSONAL NAME
Personal name Garg, Vijay Kumar,
245 10 - TITLE STATEMENT
Title Wireless communications and networking (EBOOK)
Statement of responsibility, etc. Vijay K. Garg.
260 ## - PUBLICATION, DISTRIBUTION, ETC.
Place of publication, distribution, etc. Amsterdam ;
-- Boston :
Name of publisher, distributor, etc. Elsevier Morgan Kaufmann,
Date of publication, distribution, etc. c2007.
300 ## - PHYSICAL DESCRIPTION
Extent xxvii, 821 p. :
Other physical details ill. ;
Dimensions 25 cm.
440 #4 - SERIES STATEMENT/ADDED ENTRY--TITLE
Title The Morgan Kaufmann series in networking
650 #0 - SUBJECT ADDED ENTRY--TOPICAL TERM
Topical term or geographic name entry element Wireless communication systems.
650 #0 - SUBJECT ADDED ENTRY--TOPICAL TERM
Topical term or geographic name entry element Wireless LANs.
856 41 - ELECTRONIC LOCATION AND ACCESS
Materials specified Publisher description
Uniform Resource Identifier <a href="http://www.loc.gov/catdir/enhancements/fy0707/2006100601-d.html">http://www.loc.gov/catdir/enhancements/fy0707/2006100601-d.html</a>
856 41 - ELECTRONIC LOCATION AND ACCESS
Materials specified Table of contents only
Uniform Resource Identifier <a href="http://www.loc.gov/catdir/toc/ecip076/2006100601.html">http://www.loc.gov/catdir/toc/ecip076/2006100601.html</a>
942 ## - ADDED ENTRY ELEMENTS (KOHA)
Source of classification or shelving scheme
Koha item type Book
Holdings
Withdrawn status Lost status Source of classification or shelving scheme Damaged status Not for loan Collection code Permanent Location Current Location Date acquired Total Checkouts Full call number Barcode Date last seen Price effective from Koha item type
            Military College of Signals (MCS) Military College of Signals (MCS) 12/12/2016   621.3821 GAR MCSEB-3373 12/08/2016 12/12/2016 Book
© 2023 Central Library, National University of Sciences and Technology. All Rights Reserved.